Statistics for Top 24 USA Olympic medallists

Click here to take the quiz!

General Stats

  • This quiz has been taken 23 times
  • The average score is 3 of 24

Answer Stats

MedalsAnswer% Correct
28Michael Phelps
95%
11Mark Spitz
59%
10Carl Lewis
55%
12Ryan Lochte
23%
11Matt Biondi
18%
12Jenny Thompson
9%
12Dara Torres
9%
12Natalie Coughlin
9%
10Gary Hall
9%
7Aaron Peirsol
9%
7Amanda Beard
5%
8Nathan Adrian
5%
9Allyson Felix
5%
8Ray Ewry
0%
8Allison Schmitt
0%
8Jason Lezak
0%
8Shirley Babashoff
0%
8Apolo ohno
0%
7Willis Augustus Lee
0%
7Tom Jager
0%
7Charles Daniels
0%
7Lloyd Spooner
0%
11Carl Osburn
0%
7Shannon Miller
0%

Score Distribution

Percentile by Number Answered

Percent of People with Each Score

Your Score History

You have not taken this quiz